00977nam a2200229 a 450000100060000000300080000600500170001400800410003102000150007202000150008703500190010204000270012104100080014808200260015624500600018226000560024230000270029850400410032550503300036665000340069670000170073064168BD-RjUL20211209081258.0170209m19921988enka b 001 0 eng  a0521327652 a0521428890 a(BD-RjUL)64298 aDLCcDLCdBD-RjULbeng aeng00a700.941223bCAM 199204aThe Cambridge cultural history /cedited by Boris Ford. aNew York :bCambridge University Press,c1988-1991. a9 v. :bill. ;c26 cm. aIncludes bibliographies and indexes.1 av. 1. Prehistoric, Roman, and early medieval -- v. 2. The Middle Ages -- v. 3. Renaissance and Reformation -- v. 4. The seventeenth century -- v. 5. The Augustan age -- v. 6. Romantics to early Victorians -- v. 7. The later Victorian age -- v. 8. The Edwardian age and the inter-war years -- v. 9. Since the Second World War. 0aArts, British.zGreat Britain1 aFord, Boris.